| 000 | 00476nam a2200193Ia 4500 | ||
|---|---|---|---|
| 001 | 39497 | ||
| 008 | 140423s9999 xx 000 0 und d | ||
| 020 | _a8178090090 | ||
| 040 | _cPK-LaUMT | ||
| 082 |
_a 158.1 _bCAN-D |
||
| 100 | _aCanfied, Jack | ||
| 245 |
_aDare to win _cCanfied, Jack<>Hansen, Hmark Victor |
||
| 250 | _a2nd | ||
| 260 |
_aMumbai,India: _bMagna Publishing, _c1998 |
||
| 300 | _a205 p. | ||
| 546 | _aEN | ||
| 700 | _aHansen, Hmark Victor | ||
| 942 | _cBK | ||
| 999 |
_c38805 _d38805 |
||